Entry Konu Terimi
001 - KONTROL NUMARASI
- Kontrol alanı: 37737
003 - KONTROL NUMARASI KİMLİĞİ
- Kontrol alanı: TR-BiSEU
005 - SON İŞLEM TARİHİ VE ZAMANI
- Kontrol alanı: 20260207002059.0
008 - SABİT UZUNLUKTAKİ VERİ ÖGELERİ - GENEL BİLGİ
- Sabit uzunlukta kontrol alanı: 260207|| aca||aabn | a|a d
040 ## - KATALOGLAMA KAYNAĞI
- Özgün kataloglama kurumu: TR-BiSEU
- Çeviri kurumu: TR-BiSEU
150 ## - KONU BAŞLIKLARI - KONU TERİMİ
- Konu terimi: Geothermal Resources
670 ## - BİLGİNİN KAYNAĞI
- Bilginin alındığı kaynak: KOHA: (TR-BiSEU)16231: Termal ve maden suları konferansı: (2008 : Afyonkarahisar) 37735, Beşinci dünya su forumu bölgesel hazırlık süreci DSI yurtiçi bölgesel su toplantıları, Termal ve maden suları konferansı,24-25 Nisan 2008, bildiriler kitabı/
